| 000 | 01465cam a22004097a 4500 | ||
|---|---|---|---|
| 001 | 14914847 | ||
| 003 | OSt | ||
| 005 | 20240223093842.0 | ||
| 008 | 070703s2008 caua f 001 0 eng d | ||
| 010 | _a 2007932159 | ||
| 020 | _a9780376016119 (pbk.) | ||
| 020 | _a0376016116 (pbk.) | ||
| 035 | _a(OCoLC)ocn191996381 | ||
| 040 |
_aIFJ _cIFJ _dIFJ _dBAKER _dDLC |
||
| 042 | _alccopycat | ||
| 050 | 0 | 0 |
_aTH4763 _b.R56 2008 |
| 082 | 0 | 4 |
_a643.55 _222 _bRIS |
| 100 | 1 |
_aRist, Curtis. _9121171 |
|
| 245 | 1 | 0 |
_aPools and spas / _cby Curtis Rist, Vicky Webster, and the editors of Sunset Books. |
| 250 | _a3rd ed. | ||
| 260 |
_aMenlo Park, Calif. : _bSunset Books, _cc2008. |
||
| 300 |
_a240 p. : _bcol. ill. ; _c28 cm. |
||
| 500 | _aRev. ed. of: Swimming pools and spas. 2005. | ||
| 500 | _aIncludes index. | ||
| 650 | 0 |
_aSwimming pools _xDesign and construction. _9121172 |
|
| 650 | 0 |
_aSwimming pools _xMaintenance and repair. _9121173 |
|
| 650 | 0 |
_aHot tubs _xDesign and construction. _9121174 |
|
| 650 | 0 |
_aHot tubs _xMaintenance and repair. _9121175 |
|
| 700 | 1 |
_aWebster, Vicki, _d1947- _9121176 |
|
| 700 | 1 |
_aRist, Curtis. _tSwimming pools and spas. _9121178 |
|
| 710 | 2 |
_aSunset Books. _97867 |
|
| 906 |
_a7 _bcbc _ccopycat _d2 _encip _f20 _gy-gencatlg |
||
| 942 |
_2ddc _cREF |
||
| 999 |
_c608058 _d608058 |
||